000 00955nas a2200325 4500
001 BR2016001893
003 BR-BrBNA
005 20231205130324.0
007 ta
008 230509b bl.|||p| |||| 00| 00por d
040 _aBR-BrBNA
_bpor
_cBiblioteca Nacional de Agricultura
041 _a(Pt)
072 _aL73; L40
100 1 _aSilveira, I.P.
100 1 _aInkelmann, M.A.
100 1 _aTochetto, C.
100 1 _aRosa, F.B.
100 1 _aFighera, R.A.
100 1 _aIrigoyen, L.F.
100 1 _aKommers, G.D.
245 1 _aEpidemiologia e distribuição de lesões extrarrenais de uremia em 161 cães
650 _aCÃO
650 _aEPIDEMIOLOGIA
650 _aLESÃO RENAL
650 _aMORFOLOGIA ANIMAL
650 _aDOENÇA ANIMAL
773 0 _tPesquisa Veterinária Brasileira (Brazil)
_xISSN 0100-736X
_g(Jun 2015), v. 35(6) p. 562-568
_wBR2016001893
909 _a202311
_bLúcia
_c55
_dLúcia Elande
942 _2AGRIS
_n0
_cANA
999 _c248845
_d248845